All Charli XCX´s collaborators - Statistics

General Stats
  • This quiz has been taken 27 times
  • The average score is 30 of 68
Answer Stats
Answer % Correct
Ariana Grande
92%
Troye Sivan
92%
Addison Rae
88%
A.G. Cook
88%
Billie Eilish
83%
The 1975
79%
Bon Iver
75%
Iggy Azalea
75%
Lorde
75%
Bb trickz
71%
Bladee
71%
Caroline Polachek
71%
Icona Pop
71%
Julian Casablancas
71%
Shygirl
71%
Yung Lean
71%
Robyn
67%
The Japanese House
67%
Tinashe
67%
Cupcakke
63%
Christine and the Queens
58%
Jon Hopkins
58%
Kim Petras
58%
Lizzo
58%
Brooke Candy
54%
Carly Rae Jepsen
54%
Pabllo Vittar
54%
Rina Sawayama
54%
Rita Ora
50%
Tommy Cash
50%
Tove Lo
50%
Big Freedia
46%
HAIM
46%
46%
Clairo
42%
RAYE
42%
Hannah Diamond
38%
ALMA
33%
David Guetta
33%
Dorian Electra
33%
George Daniel
33%
Sky Ferreira
33%
Yaeji
33%
Cardi B
29%
Lil Yachty
29%
Sam Smith
29%
Ty Dolla Sign
29%
ABRA
25%
Bebe Rexha
25%
BTS
25%
Lady Gaga
25%
Mykki Blanco
25%
Starrah
25%
Tiesto
25%
Uffie
21%
Slayyyter
17%
Tommy Genesis
17%
Elliphant
13%
Jay Park
13%
Mura Masa
13%
Clean Bandit
8%
Jax Jones
8%
Joel Corry
8%
Bhad Bhabie
4%
Bleachers
4%
Saweetie
4%
Danny Brown
0%
Whethan
0%
No matching quizzes found
Score Distribution
Percent of People with Each Score
Percentile by Number Answered
Your Score History
You have not taken this quiz